000
00332 a2200109 4500
001
ART_30488
005
20260410162003.0
008
260409a
245
1
0
_a
México: crisis y apertura del sistema político
100
1
_a
Emmerich, Gustavo Ernesto
773
0
_t
Foro político
_g
- Vol. XVII (ago. 1996)
_w
REV30389
999
_c
31460
_d
31460